| 000 | 00846naa a22002657u 4500 | ||
|---|---|---|---|
| 001 | 05261 | ||
| 003 | HDC | ||
| 007 | cr bn ---aaaaa | ||
| 008 | 210119s2001 xx a b 001 0 eng | ||
| 040 | _aHDC | ||
| 100 |
_aKAUFFMAN, ROBERT G., _eauthor _95509 |
||
| 245 | 0 |
_aMeat Composition / _cby ROBERT G. KAUFFMAN |
|
| 260 |
_a[No Place] : _b[publisher not identified], _c2001 |
||
| 300 | _a20 pages | ||
| 336 |
_atext _2rdacontent |
||
| 337 |
_acomputer _2rdamedia |
||
| 338 |
_aonline resource _2rdacarrier |
||
| 500 | _aOriginal from book | ||
| 650 |
_aMeat composition _95510 |
||
| 650 |
_aMeat _91368 |
||
| 856 | _zRequest full-text at [email protected] | ||
| 942 | _2lcc | ||
| 942 | _cCHAP | ||
| 942 | _kEBCH 002686 | ||
| 999 |
_c2585 _d2585 |
||